书目信息 |
| 题名: |
低能量窈窕瘦身美人汤
|
|
| 作者: | 吴吉琳 主编 | |
| 分册: | ||
| 出版信息: | 乌鲁木齐 新疆人民卫生出版社 2015 |
|
| 页数: | 191页 | |
| 开本: | 23cm | |
| 丛书名: | ||
| 单 册: | ||
| 中图分类: | TS972.122 | |
| 科图分类: | ||
| 主题词: | 汤菜--Tangcai--菜谱 | |
| 电子资源: | ||
| ISBN: | 978-7-5372-6251-4 | |
| 000 | 00645nam0 2200217 450 | |
| 001 | 2686 | |
| 005 | 20161205145819.18 | |
| 010 | @a978-7-5372-6251-4@dCNY35.00 | |
| 100 | @a20131111d2015 em y0chiy0110 ea | |
| 101 | 0 | @achi |
| 102 | @aCN@b650000 | |
| 105 | @aa z 000yy | |
| 200 | 1 | @a低能量窈窕瘦身美人汤@9Dinengliangyaotiaoshoushenmeirentang@f吴吉琳主编 |
| 210 | @a乌鲁木齐@c新疆人民卫生出版社@d2015 | |
| 215 | @a191页@c图@d23cm | |
| 330 | @a汤菜·菜谱 | |
| 606 | 0 | @a汤菜@9Tangcai@x菜谱 |
| 690 | @aTS972.122@v5 | |
| 701 | 0 | @a吴吉琳@9Wujilin@4主编 |
| 801 | 0 | @aCN@b大连网信软件有限公司图书馆·11@c20161205 |
| 905 | @aZUCC@dTS972.122@e434 | |
| 低能量窈窕瘦身美人汤/吴吉琳主编.-乌鲁木齐:新疆人民卫生出版社,2015 |
| 191页:图;23cm |
| ISBN 978-7-5372-6251-4:CNY35.00 |
| 汤菜·菜谱 |
| ● |
| 相关链接 |
|
|
|
|
正题名:低能量窈窕瘦身美人汤
索取号:TS972.122/434
 
预约/预借
| 序号 | 登录号 | 条形码 | 馆藏地/架位号 | 状态 | 备注 |
| 1 | 910636 | 209106368 | 第二样本阅览室/ [索取号:TS972.122/434] | 在馆 | |
| 2 | 910637 | 209106377 | 第三借阅区/ [索取号:TS972.122/434] | 在馆 | |
| 3 | 910638 | 209106386 | 第三借阅区/ [索取号:TS972.122/434] | 在馆 | |
| 4 | 910639 | 209106395 | 第三借阅区/ [索取号:TS972.122/434] | 在馆 | |
| 5 | 910640 | 209106402 | 第三借阅区/ [索取号:TS972.122/434] | 在馆 |